kku e-library facility

The practice of political sprituality : (Record no. 65)

MARC details
000 -LEADER
fixed length control field 00497nam a22001577a 4500
008 - FIXED-LENGTH DATA ELEMENTS--GENERAL INFORMATION
fixed length control field 250214b |||||||| |||| 00| 0 eng d
010 ## - LIBRARY OF CONGRESS CONTROL NUMBER
LC control number BJ283.K89L3
020 ## - INTERNATIONAL STANDARD BOOK NUMBER
International Standard Book Number 0888150709
100 ## - MAIN ENTRY--PERSONAL NAME
Personal name Langley, Mckendree R.
245 ## - TITLE STATEMENT
Title The practice of political sprituality :
Remainder of title Episodes from the public career of Abraham Kuyper /
Statement of responsibility, etc. Mckendree R. Langley.
260 ## - PUBLICATION, DISTRIBUTION, ETC.
Place of publication, distribution, etc. Canada:
Name of publisher, distributor, etc. Paideia press,
Date of publication, distribution, etc. 1984.
300 ## - PHYSICAL DESCRIPTION
Extent 179p.
Dimensions 21cm.
500 ## - GENERAL NOTE
Materials specified include bibliographical note
942 ## - ADDED ENTRY ELEMENTS (KOHA)
Source of classification or shelving scheme Dewey Decimal Classification

No items available.

©2025 All rights reserved. KKU